000 00438nam a2200193Ia 4500
005 20250425160902.0
008 250425s9999 xx 000 0 und d
020 _a510S7169
041 _aspa
082 _a541.39
100 _aBEHRENS LE BAS, HAROLD
245 0 _aCINETICA QUIMICA ELEMENTAL
250 _a1A ED.
260 _aChile
_bOEA
_c1965
260 _aSANTIAGO DE CHILE
300 _a32
942 _c01
010 _a7573
999 _c198139
_d198139